00695nam a2200205Ia 4500008004100000020001800041050002000059050001400079245003200093245018400125245003500309260001200344260002600356260000900382300001600391300002000407300001100427650003500438650001600473160303s9999 xx 000 0 und d a971-8961-25-9 aFIL KPM 1214.7  b.P45 2003 4aThe Philippine labor code : bwith department order no.40-03 series of 2003 : amending the implementing rules of book V of the labor code of the Philippines : and overseas industry, hours of work of hospital / ccompiled by Arellano V. Busto. aManila: bA.V.P Printing Press, c2003 a300 pages : billustrations ; c22 cm. aLabor laws and legislation --  xPhilippines